00189nam a22000857a 4500082001700000100002300017245002900040260002500069300000900094 a355.02 HAR'G aHART, B. H LIDDELL aTHE GERMAN GENERALS TALK aNEWYORKbQUILLc1979 a308P